MARC

LEADER 00000nam0a2200000 4500
001 32855
005 20231101210123.0
035 |a (RuTPU)RU\TPU\book\33158 
035 |a BOOK00001248 
090 |a 32855 
100 |a 20011210d1975 k y0rusy50 ca 
101 0 |a rus 
102 |a RU 
105 |a a z 001zy 
200 1 |a Радиометрия нейтронов активационным методом  |f С. С. Ломакин, В. И. Петров, П. С. Самойлов 
210 |a Москва  |c Атомиздат  |d 1975 
215 |a 207 с.  |c ил. 
320 |a Списки лит. в конце глав (318 назв.). 
606 |a Нейтроны  |2 stltpush  |3 (RuTPU)RU\TPU\subj\45274  |9 64526 
610 1 |a ядерная физика 
610 1 |a нейтроны тепловые 
610 1 |a измерения 
610 1 |a аппаратура 
610 1 |a радиометрия 
675 |a 539.125.5  |v 3 
700 1 |a Ломакин  |b С. С.  |g Сергей Сергеевич 
701 1 |a Петров  |b В. И.  |g Вячеслав Иванович 
701 1 |a Самойлов  |b П. С.  |g Петр Семенович 
801 0 |a RU  |b 63413507  |c 20011210  |g PSBO 
801 2 |a RU  |b 63413507  |c 20200902  |g PSBO 
900 |a Радиометрия и ядерная геофизика 
900 |a Экспериментальная реакторная физика 
942 |c BK